| 000 | 01328nam a2200325 a 4500 | ||
|---|---|---|---|
| 001 | 000008738 | ||
| 003 | DO-SdBNP | ||
| 005 | 20240530073931.0 | ||
| 008 | 090918s2008 dr ac 001 0 spa d | ||
| 020 | _a9789993467441 | ||
| 040 |
_aDO-SdBNP _bspa _cBNPHU |
||
| 082 | 4 |
_a320.97293 _bM516a _222 |
|
| 100 | 1 |
_aMejía, Orión, _923259 _d1959- |
|
| 245 | 1 | 0 |
_aA rajatabla : _b1988-2007 / _cOrión Mejía ; edición José Rafael Sosa ; corrección ; Héctor Minaya, Héctor. |
| 246 | 1 | 0 | _aA rajatabla. |
| 260 |
_aSanto Domingo : _bAmigo del Hogar, _c2008. |
||
| 300 |
_a273 p. : _bil., retrs. ; _c23 cm. |
||
| 500 | _aIncluye datos biográficos del autor en las solapas | ||
| 590 | _aInventariado, 2018/LP | ||
| 650 | 0 |
_aEnsayos dominicanos _965 |
|
| 650 | 4 |
_aDiarios dominicanos _xSecciones, columnas, etc. _944 |
|
| 651 | 4 |
_aRepública Dominicana _xPolítica Y Gobierno _xEnsayos, Conferencias, Etc. _91167 |
|
| 651 | 4 |
_aRepública Dominicana _xCondiciones Sociales _xEnsayos, Conferencias, Etc. _91166 |
|
| 651 | 4 |
_aRepública Dominicana _xCondiciones Económicas _xEnsayos, Conferencias, Etc. _92598 |
|
| 700 | 1 |
_aSosa, José Rafael, _eedición _964 |
|
| 700 | 1 |
_aMinaya, Héctor, _ecorrección _95787 |
|
| 730 | 0 |
_aEl Nacional (República Dominicana) _923260 |
|
| 910 | _aValidado. Control de calidad EMS | ||
| 942 |
_2ddc _cLBS1 |
||
| 999 |
_c8508 _d8508 |
||